000 00526nam a22001937a 4500
003 OSt
005 20140310182021.0
008 130731t xxu||||| |||| 00| 0 eng d
020 _a9781741797718
050 _aPC 2112.5
_b.F873 2009
082 _aTR 448
_bF87 2009
245 _aFrench :
_bphrasebook and cd inside /
260 _aAustralia :
_bLonely Planet,
_cc2009.
300 _a258 p. :
_bcol. ill. ;
_c14 cm.
541 _j1
562 _e1
650 _aFrench
_xLanguage.
_97053
942 _2lcc
_cBK-TR
_kTR
999 _c8347
_d8347